000 00391nam a2200133Ia 4500
008 211109s9999||||xx |||||||||||||| ||und||
082 _a894.81
_bCHE-N
100 _aChemmanam, Chacko
245 0 _aNarma Sankatam
260 _bD c Books
_aKottayam
_c1997
630 _xGeneral Stack
650 _aMalayalam
_vMalayalam LiteratureRHETORIC AND COLLECTIONS OF LITERATURE
_xMalayalam
942 _cBOOK
999 _c8656
_d8656